01553nam a2200277 a 4500001001500000005001700015008004100032020003500073020003000108040000600138050001100144082002000155100002000175245005500195250001200250260004400262300002100306490002300327520066600350650001501016830002301031856008201054942001201136999001701148952011001165ASIN185168703320170105102928.0131213s2010 xxu eng d a1851687033 (paperback)c$14.95 a9781851687039 (paperback) a004aPN473104a070.4bNIB 20111 aNiblock, Sarah.10aJournalism :ba beginner's guide /cSarah Niblock. a1st ed. a[S.l.] :bOneworld Publications,c2010. a168 p. ;c20 cm.1 aBeginner's guides. aJournalism today is moving faster than ever before. With web 2.0, blogging, huge media conglomerates, 24-hours news networks, and tight legal frameworks, what is the purpose of journalism in the digital age? With priorities shifting, do journalists still strive for truth or are they solely concerned with "infotainment" -- driven by sales and ratings? This captivating guide explains the history of journalism, its everyday workings, and the ethical dilemmas that modern journalists face. Sarah Niblock is Head of Journalism at Brunel University, UK. As a journalist, she has written for the Independent, the Guardian, the Telegraph, and Cosmopolitan Magazine. 0aJournalism 0aBeginner's guides.403Amazon.comuhttp://www.amazon.com/exec/obidos/ASIN/1851687033/chopaconline-20 2ddccBK c15903d15903 001040708NFICaCIPSbCIPScGENd2013-09-27l0o070.4 NIB 2011pCIPS0001350r2013-12-13w2013-12-13yBK